000
002680000a22001210004500
001
421
082
0
4
_a
R 420 Am351
245
1
0
_a
CompaƱeros en el idioma : Guia para los padres
260
_a
[S.L.] ASHA
300
_a
154 P.
500
_a
Texto para padres
942
_c
LGB
999
_c
47664
_d
47664